Sistema de información de gestión académica en el instituto de estudios superiores de Medicina Oriental Japón Nicaragua.
Presenta el desarrollo de sistema que contribuye a la agilización del proceso de matrícula en el instituto de estudios superiores de Medicina Oriental, incluye procesos de gestión estudiantil, requerimientos económicos, financieros para la realización del sistema.
| Main Authors: | , |
|---|---|
| Other Authors: | |
| Format: | Tesis Section = Libro |
| Language: | Undetermined Spanish |
| Published: |
Managua
UNI
2012
|
| Subjects: |
| LEADER | 01186nam a2200265Ia 4500 | ||
|---|---|---|---|
| 008 | 240830s9999 xx 000 0 und d | ||
| 040 | |a BIBLIOTECA-RUPAP Mon 003 B641 | ||
| 041 | |a spa | ||
| 082 | |a Mon 003 B641 | ||
| 100 | 1 | |a Blanco Sequeira, José Ángel | |
| 100 | 1 | |b Chávez Sánchez, Ernesto José | |
| 245 | 1 | 0 | |a Sistema de información de gestión académica en el instituto de estudios superiores de Medicina Oriental Japón Nicaragua. |
| 260 | |a Managua |b UNI |c 2012 | ||
| 300 | |a 168 p. :il. | ||
| 500 | |a Contiene: anexos e Incluye: CD. | ||
| 502 | |a Tesis (Ingeniero de Sistemas)- UNI, 2012. | ||
| 520 | 3 | |a Presenta el desarrollo de sistema que contribuye a la agilización del proceso de matrícula en el instituto de estudios superiores de Medicina Oriental, incluye procesos de gestión estudiantil, requerimientos económicos, financieros para la realización del sistema. | |
| 650 | 7 | |a SISTEMAS - CONTROL ACADEMICO - MATRICULA | |
| 650 | 7 | |b ANALISIS Y DISEÑO DE SISTEMAS | |
| 650 | 7 | |c IMPLEMENTACION DEL SISTEMA | |
| 650 | 7 | |d ANALISIS DE REDES | |
| 700 | 1 | |a Tutor: |b Membreño Gudiel, Yasser Ronald | |
| 942 | |c BK |2 ddc | ||
| 991 | |a TESIS | ||
| 999 | |c 15261 | ||